[Event "AUTO-ADV-4911"]
[Site "http://www.queenalice.com/game.php?id=1867607"]
[Date "2026.1.7"]
[Round "1"]
[White "dosoldini"]
[Black "Anusha"]
[Result "0-1"]
[WhiteElo "1669"]
[BlackElo "1974"]

1. e4 c5 2. Nc3 d6 3. Be2 Nc6 4. Bb5 Bd7 5. Nf3 Nf6 6. h3 e6 7. b3 Be7 8. Qe2
O-O 9. a3 Qc7 10. Bb2 h6 11. Bc4 a6 12. d4 cxd4 13. Nd1 e5 14. Nh4 Rac8 15. Ng6
Rfe8 16. Nh8 Kxh8 17. c3 dxc3 18. Bxc3 Be6 19. Bxe6 fxe6 20. O-O Rf8 21. Ne3
Nxe4 22. Kh2 Nxc3 23. Qd3 Nb5 0-1

[Event "AUTO-ADV-4911"]
[Site "http://www.queenalice.com/game.php?id=1867609"]
[Date "2026.1.7"]
[Round "1"]
[White "Castling"]
[Black "Anusha"]
[Result "0-1"]
[WhiteElo "1735"]
[BlackElo "2051"]

1. e4 c5 2. Bc4 d6 3. Nf3 Nc6 4. a3 Nf6 5. d3 a6 6. Nc3 b5 7. Bd5 Bb7 8. Ng5 e6
9. Bxc6+ Bxc6 10. Be3 Be7 11. O-O O-O 12. h3 a5 13. Ne2 Nd7 14. Nf3 Rb8 15. Qd2
a4 16. b4 cxb4 17. axb4 Bf6 18. Ra3 Ne5 19. Nxe5 dxe5 20. Bc5 Be7 21. Bxe7 Qxe7
22. Qc3 Qd6 23. Ng3 Rfc8 24. Qd2 Rc7 25. Rc1 Rd8 26. Ne2 Bxe4 27. Qe1 Bb7 28. c4
Qc6 29. Qf1 Rcd7 30. cxb5 Qxb5 31. Rc5 Qxb4 32. Rcc3 Bd5 33. Ng3 Bb3 34. Rcxb3
axb3 35. Ra1 Rc7 36. Ne4 Rc2 37. Rc1 Rdc8 38. Rb1 b2 0-1

[Event "AUTO-ADV-4911"]
[Site "http://www.queenalice.com/game.php?id=1867610"]
[Date "2026.1.7"]
[Round "1"]
[White "Anusha"]
[Black "bdpq"]
[Result "1-0"]
[WhiteElo "1995"]
[BlackElo "1670"]

1. c4 d5 2. cxd5 Qxd5 3. Nc3 Qd8 4. d4 Nf6 5. Nf3 e6 6. a3 Bd6 7. Bg5 O-O 8. e3
Nc6 9. Bd3 b6 10. O-O Bb7 11. b4 Be7 12. Rc1 Nd5 13. Bxe7 Qxe7 14. Ne4 a5 15.
Bb5 Na7 16. Bd3 f5 17. Ned2 axb4 18. axb4 Qxb4 19. Nc4 c5 20. Rb1 Nc3 21. Rxb4
Nxd1 22. Rxb6 Bxf3 23. gxf3 Nc3 24. dxc5 Rfd8 25. Ne5 Nd5 26. Rxe6 Nc7 27. Rb6
Nd5 28. Rb7 f4 29. Bc4 Nc6 30. Nxc6 Re8 31. Bxd5+ Kh8 32. e4 Re5 33. Nxe5 h6 34.
Kg2 Kh7 35. Rxg7+ Kxg7 36. Bxa8 1-0

[Event "AUTO-ADV-4911"]
[Site "http://www.queenalice.com/game.php?id=1867611"]
[Date "2026.1.7"]
[Round "1"]
[White "bdpq"]
[Black "Anusha"]
[Result "0-1"]
[WhiteElo "1673"]
[BlackElo "1992"]

1. e4 c5 2. d4 cxd4 3. Qxd4 Nc6 4. Qe3 d6 5. Nc3 Nf6 6. Bb5 Bd7 7. Nf3 e6 8. O-O
Be7 9. Nd4 Ne5 10. Bxd7+ Qxd7 11. Bd2 Nc4 12. Qe2 Nxd2 13. Qxd2 a6 14. e5 dxe5
15. Nb3 Qc7 16. f3 O-O 17. Rae1 Rfd8 18. Qe3 a5 19. a4 Ra6 20. Qxe5 Bd6 21. Qg5
Bxh2+ 22. Kh1 Bf4 23. Qh4 Bg3 24. Qh3 Bxe1 25. Rxe1 Qc4 26. Nd2 Rxd2 27. Rd1
Rxd1+ 28. Kh2 Qf4+ 29. Qg3 Rh1+ 0-1

[Event "AUTO-MASTER-3293"]
[Site "http://www.queenalice.com/game.php?id=1867977"]
[Date "2026.1.15"]
[Round "1"]
[White "IranSilva"]
[Black "Anusha"]
[Result "0-1"]
[WhiteElo "2209"]
[BlackElo "2079"]

1. Nf3 d5 2. d4 Nf6 3. Bf4 c6 4. e3 e6 5. Bd3 Bd6 6. Bxd6 Qxd6 7. Nbd2 O-O 8.
O-O Nbd7 9. c4 h6 10. Rc1 b6 11. cxd5 exd5 12. Qa4 Bb7 13. Ba6 Bxa6 14. Qxa6 c5
15. Nb3 c4 16. Nbd2 Rfe8 17. b3 cxb3 18. axb3 Ne4 19. Nxe4 dxe4 20. Nd2 Nf6 21.
Nc4 Qe6 0-1

[Event "AUTO-MASTER-3293"]
[Site "http://www.queenalice.com/game.php?id=1867978"]
[Date "2026.1.15"]
[Round "1"]
[White "Anusha"]
[Black "IranSilva"]
[Result "1-0"]
[WhiteElo "2056"]
[BlackElo "2226"]

1. c4 b6 2. Nc3 Bb7 3. e3 e5 4. Nf3 d6 5. Be2 Nf6 6. O-O Be7 7. d3 O-O 8. b4
Nbd7 9. a4 a5 10. bxa5 Rxa5 11. Bd2 e4 12. dxe4 Ra8 13. Nd5 Nxe4 14. Bc1 Bxd5
15. cxd5 Nc3 16. Qc2 Nxd5 17. Bb2 Bf6 18. Nd4 c5 19. Nf5 Bxb2 20. Qxb2 Qf6 21.
Qxf6 N7xf6 22. Nxd6 Rfd8 23. Nb5 Ne4 24. Bf3 1-0

[Event "AUTO-INT-3941"]
[Site "http://www.queenalice.com/game.php?id=1868146"]
[Date "2026.1.17"]
[Round "2"]
[White "Anusha"]
[Black "Carlos19"]
[Result "1-0"]
[WhiteElo "2039"]
[BlackElo "1729"]

1. c4 e5 2. g3 Nf6 3. Bg2 Nc6 4. Nc3 Bc5 5. Nf3 d6 6. O-O h6 7. a3 a5 8. d3 Nd4
9. Rb1 Nxf3+ 10. Bxf3 Bg4 11. Bxb7 Rb8 12. Bc6+ Bd7 13. Bg2 O-O 14. Bd2 Ng4 15.
e3 Qg5 16. Ne4 Qh5 17. h3 f5 18. hxg4 Qxg4 19. Qxg4 fxg4 20. Nxc5 Bf5 21. Ne4
Rb3 22. Bc3 g5 23. Rfd1 Bxe4 24. Bxe4 h5 25. Bxa5 h4 26. Bxc7 hxg3 27. fxg3 Kg7
28. Bxd6 Rd8 29. Bxe5+ Kf7 30. Rf1+ Ke6 31. Bd4 Rh8 32. Bxh8 1-0

[Event "AUTO-INT-3941"]
[Site "http://www.queenalice.com/game.php?id=1868147"]
[Date "2026.1.17"]
[Round "2"]
[White "Carlos19"]
[Black "Anusha"]
[Result "0-1"]
[WhiteElo "1680"]
[BlackElo "2030"]

1. e4 c5 2. Bc4 d6 3. Nf3 Nc6 4. Ng5 e6 5. Nc3 Qxg5 6. O-O Qd8 7. d3 Nf6 8. h3
Be7 9. Bg5 Nd7 10. Bxe7 Qxe7 11. a3 O-O 12. Re1 Nde5 13. f4 Nxc4 14. dxc4 a6 15.
Na4 Qc7 16. e5 dxe5 17. fxe5 Nxe5 18. Qh5 Ng6 19. Nxc5 b6 20. Ne4 Qxc4 21. c3
Bb7 22. Ng5 Qh4 23. Qxh4 Nxh4 24. Re2 Rad8 25. g4 Rd3 26. Ne4 Bxe4 27. Rxe4 Rxh3
28. c4 Rd8 29. b4 Rd2 30. Rf4 Rg2+ 0-1

[Event "AUTO-ADV-4913"]
[Site "http://www.queenalice.com/game.php?id=1868182"]
[Date "2026.1.19"]
[Round "1"]
[White "SGF"]
[Black "Anusha"]
[Result "0-1"]
[WhiteElo "1782"]
[BlackElo "1950"]

1. e4 c5 2. Qf3 d6 3. d3 Nc6 4. c3 Nf6 5. Be2 e5 6. Qg3 Be6 7. a4 Ne7 8. h3 Ng6
9. Bg5 Be7 10. Bxf6 Bxf6 11. a5 a6 12. Nd2 O-O 13. h4 Bxh4 14. Qh2 h6 15. Bh5
Bg5 16. Ngf3 Bxd2+ 17. Nxd2 Nf4 18. d4 cxd4 19. f3 dxc3 20. bxc3 Qc7 21. Ra3 Qc5
22. Ra1 Qxc3 23. g3 Qxa1+ 24. Kf2 Qd4+ 25. Ke1 Nxh5 26. Qxh5 Rac8 27. Rh2 Rc1+
28. Ke2 Bc4+ 29. Nxc4 Qxc4+ 30. Ke3 Rc3+ 31. Kf2 Qa2+ 32. Kg1 Rc1# 0-1

[Event "AUTO-ADV-4913"]
[Site "http://www.queenalice.com/game.php?id=1868183"]
[Date "2026.1.19"]
[Round "1"]
[White "Anusha"]
[Black "SGF"]
[Result "1-0"]
[WhiteElo "1941"]
[BlackElo "1763"]

1. c4 e5 2. g3 Qf6 3. Bg2 d6 4. Nc3 c6 5. d3 Be7 6. Nf3 Qg6 7. O-O h5 8. h4 a5
9. a3 f6 10. Rb1 Bd7 11. b4 b5 12. cxb5 cxb5 13. Be3 a4 14. Rc1 Bc6 15. Qc2 Bxf3
16. Bxf3 Ra6 17. Nxb5 Bd8 18. Nc7+ Bxc7 19. Qxc7 Rc6 20. Qxb8+ Ke7 21. Rxc6 Qe8
22. Rc7+ Kf8 23. Qb7 Ne7 24. Rfc1 g6 25. b5 Rh7 26. R1c4 Rf7 27. Rxa4 Nf5 28.
Rxf7+ Qxf7 29. Ra8+ Kg7 30. Qb8 Nxe3 31. Qh8# 1-0

[Event "AUTO-ADV-4913"]
[Site "http://www.queenalice.com/game.php?id=1868188"]
[Date "2026.1.19"]
[Round "1"]
[White "Daniel1962"]
[Black "Anusha"]
[Result "0-1"]
[WhiteElo "1748"]
[BlackElo "2034"]

1. d4 d5 2. Bf4 Nf6 3. Nf3 c6 4. e3 Bg4 5. Be2 Nbd7 6. Ne5 Bxe2 7. Qxe2 e6 8.
Nxd7 Nxd7 9. c4 Bb4+ 10. Nd2 Nf6 11. cxd5 exd5 12. a3 Bd6 13. Bxd6 Qxd6 14. b4
a6 15. O-O O-O 16. Nf3 Rfe8 17. Nh4 Qe6 18. f4 Qxe3+ 19. Qxe3 Rxe3 20. Nf5 Re2
21. Nd6 Rb8 22. a4 Ne4 23. Nxe4 Rxe4 24. Rad1 Rbe8 25. g3 f5 26. a5 Rc8 27. Kg2
Kf7 28. Kf3 h5 29. h4 Rce8 30. Kf2 Re2+ 31. Kg1 R8e3 32. g4 hxg4 33. Rf2 Rg3+
34. Kf1 Ree3 35. Rh2 Rgf3+ 36. Rf2 Rh3 37. Re1 Rh1+ 38. Kg2 Rhxe1 39. h5 R1e2
40. Rxe2 Rxe2+ 41. Kg3 Rb2 42. Kh4 Rxb4 43. Kg5 g3 0-1

[Event "AUTO-INT-3946"]
[Site "http://www.queenalice.com/game.php?id=1868381"]
[Date "2026.1.24"]
[Round "2"]
[White "juim"]
[Black "Anusha"]
[Result "0-1"]
[WhiteElo "1557"]
[BlackElo "1978"]

1. e4 c5 2. d4 cxd4 3. Qxd4 Nc6 4. Qe3 d6 5. Bb5 Bd7 6. Bd2 Ne5 7. Bxd7+ Qxd7 8.
Nf3 Nxf3+ 9. Qxf3 e5 10. Nc3 Nf6 11. O-O-O Be7 12. Nd5 Rc8 13. Bg5 Nxd5 14. exd5
Bxg5+ 15. Kb1 O-O 16. g3 Qc7 17. c3 b5 18. Qg4 Bf6 19. h4 a5 20. h5 h6 21. Qe2
b4 22. cxb4 axb4 23. Rd3 Qa7 24. Rb3 Ra8 25. Kc2 Qxa2 26. Qc4 Rfc8 27. Rxb4
Rxc4+ 28. Rxc4 Qxc4+ 29. Kd2 Qxd5+ 0-1

[Event "AUTO-INT-3946"]
[Site "http://www.queenalice.com/game.php?id=1868383"]
[Date "2026.1.24"]
[Round "2"]
[White "Carlos19"]
[Black "Anusha"]
[Result "0-1"]
[WhiteElo "1753"]
[BlackElo "2047"]

1. e4 c5 2. Bc4 d6 3. d3 Nc6 4. Nc3 Nf6 5. Nf3 a6 6. Ng5 e6 7. O-O Be7 8. a3 O-O
9. h3 b5 10. Bb3 Nd4 11. Ba2 Bb7 12. Re1 Nd7 13. Qg4 Ne5 14. Qh5 Bxg5 15. Bxg5
Qe8 16. Bf4 Nxc2 17. Bh6 Nxa1 18. Qg5 Ng6 19. Rxa1 gxh6 20. Qxh6 Qe7 21. g3 Qf6
22. h4 Qg7 23. Qg5 Rac8 24. Rf1 Rc7 25. f4 Kh8 26. f5 exf5 27. exf5 Ne5 28.
Qxg7+ Kxg7 29. Nd5 Bxd5 30. Bxd5 f6 31. Rd1 Re8 32. d4 cxd4 33. Rxd4 Rc2 34. Bb7
Nf3+ 0-1